| 000 | 00913nam a2200229Ii 4500 | ||
|---|---|---|---|
| 003 | JO-AjNU | ||
| 008 | 230605s9999||||xx |||||||||||||| ||und|| | ||
| 017 | _a2005/5/1352 | ||
| 020 | _a978-9957-06-329-0 | ||
| 040 |
_aJO-AjNU _bara _erda _cJO-AjNU |
||
| 041 | _aara | ||
| 050 | 1 | 4 | _aBP940.2.W33.2019 |
| 100 | 3 |
_aالوادي، محمود حسين، م. مشارك حسين محمد سمحان, _eauthor _962291 |
|
| 245 | 0 | 0 | _aالمصارف الاسلامية: الاسس النظرية والتطبيقات العلمية |
| 250 | _aط7 | ||
| 264 | 3 | 1 | _aعمان: دار المسيرة للنشر والتوزيع والطباعة، 2019 |
| 300 | _a344ص | ||
| 336 |
_atext _btxt _2rdacontent |
||
| 337 |
_aunmediated _bn _2rdamedia |
||
| 338 |
_avolume _bnc _2rdacarrier |
||
| 650 | 4 |
_aالبنوك الاسلامية-الاقتصاد الاسلامي-الاسلام-الاقتصاد المالي _962292 |
|
| 999 |
_aA28200 _c31768 _d31768 |
||